000 00350nam a2200133Ia 4500
008 240624s9999 xx 000 0 und d
041 _aeng
082 _a658.4012 COH
100 _aCOHEN WILLIAM A
245 _aART OF THE STRATEGIST 10 ESSENTIAL PRINC
260 _c2004
_aNew York
_bAMACOM
300 _axiii, : 239 : p. : cm. ; 23
365 _c
_b28
999 _c21349
_d21349